|
|
|
|
| LEADER |
00000nab a2200000 ar4500 |
| 001 |
vtls009298839 |
| 003 |
SK-MaSNL |
| 005 |
20260426071247.0 |
| 008 |
080530c2008 xo wr|p|||||||000 b|slo |
| 015 |
|
|
|a SNBRB2008/05
|2 snkbucl
|
| 040 |
|
|
|a SNKBUCL
|b slo
|c SNKBUCL
|e AACR2
|
| 041 |
0 |
|
|a slo
|
| 044 |
|
|
|a xo
|c SK
|
| 080 |
|
|
|a 613.88
|2 2001
|
| 100 |
1 |
|
|a Pietruchová, Oľga,
|d 1962-
|4 aut
|9 115668
|
| 245 |
1 |
0 |
|a "Hriešny" národný program sexuálneho zdravia
|c Oľga Pietruchová
|
| 300 |
|
|
|b Fotogr.
|
| 630 |
0 |
7 |
|a Národný program na ochranu sexuálneho a reprodukčného zdravia
|x ciele
|2 snkbucl
|9 1325717
|
| 650 |
0 |
7 |
|a sexuálna výchova
|2 snkbucl
|9 2589
|
| 650 |
0 |
7 |
|a sexuálne zdravie
|2 snkbucl
|9 847545
|
| 651 |
|
7 |
|a Slovensko
|2 snkbucl
|9 14231
|
| 773 |
0 |
|
|t Slovo : spoločensko-politický týždenník
|g Roč. X, č. 17 (2008), s. 4
|x 1335-468X
|
| 852 |
|
|
|a SNK
|b KIS3GCP
|
| 958 |
|
|
|a SK
|
| 958 |
|
|
|a MI
|
| 999 |
|
|
|c 2676738
|d 2678668
|